Squadre con più partecipazioni in Serie A - Statistics

Statistiche generali
  • Questo quiz è stato fatto 1.234 volte
  • Il punteggio medio è 16 su 17
Statistiche sulle risposte
Partecipazioni Regione Stagioni in Serie A Squadra % Corretto
93 Lombardia 1929- Inter
100%
92 Piemonte 1929-2006, 2007- Juventus
99%
82 Lazio 1929-1961, 1963-1967, 1969-1971, 1972-1980, 1983-1985, 1988- Lazio
99%
91 Lombardia 1929-1980, 1981-1982, 1983- Milan
99%
79 Campania 1929-1942, 1946-1948, 1950-1961, 1962-1963, 1965-1998, 2000-2001, 2007- Napoli
99%
92 Lazio 1929-1951, 1952- Roma
99%
81 Piemonte 1929-1959, 1960-1989, 1990-1996, 1999-2000, 2001-2003, 2006-2009, 2012- Torino
99%
78 Emilia-Romagna 1929-1982, 1988-1991, 1996-2005, 2008-2014, 2015- Bologna
98%
44 Sardegna 1964-1976, 1979-1983, 1990-1997, 1998-2000, 2004-2015, 2016-2022, 2023- Cagliari
98%
87 Toscana 1931-1938, 1939-1993, 1994-2002, 2004- Fiorentina
98%
57 Liguria 1929-1934, 1935-1951, 1953-1960, 1962-1965, 1973-1974, 1976-1978, 1981-1984, 1989-1995, 2007-2022, 2023- Genoa
98%
66 Liguria 1946-1966, 1967-1977, 1982-1998, 2002-2011, 2012-2023 Sampdoria
96%
30 Puglia 1931-1933, 1935-1941, 1942-1950, 1958-1961, 1963-1964, 1969-1970, 1985-1986, 1989-1992, 1994-1996, 1997-2001, 2009-2011 Bari
95%
64 Lombardia 1937-1938, 1940-1958, 1959-1969, 1971-1973, 1977-1979, 1984-1987, 1988-1994, 1995-1998, 2000-2003, 2004-2005, 2006-2010, 2011- Atalanta
94%
52 Friuli-Venezia Giulia 1950-1955, 1956-1962, 1979-1987, 1989-1990, 1992-1994, 1995- Udinese
94%
34 Veneto 1956-1957, 1967-1974, 1975-1979, 1982-1990, 1991-1992, 1996-1997, 1999-2002, 2013-2016, 2017-2018, 2019- Hellas Verona
93%
30 Veneto 1942-1948, 1955-1975, 1977-1979, 1995-1999, 2000-2001 Vicenza
68%
Nessun quiz corrispondente trovato
Distribuzione punteggi
Percentuale di utenti per punteggio
Percentile per numero di risposta
I tuoi punteggi nel tempo
Non hai fatto questo quiz